Produktová inovácia v kúpeľnom podniku - Kúpele Bojnice a.s. diplomová práca

Gespeichert in:
Bibliographische Detailangaben
1. Verfasser: Hercegová, Mária
Körperschaft: Obchodná fakulta EU. Katedra služieb a cestovného ruchu - zrušené
Weitere Verfasser: Kubičková, Viera, 1970-
Format: Buch
Sprache:Slowakisch
Veröffentlicht: Bratislava 2009
Tags: Tag hinzufügen
Keine Tags, Fügen Sie das erste Tag hinzu!

MARC

LEADER 00000nam$a2200000$$$4500
001 0099344
005 20240318140305.9
041 0 |a slo 
044 |a SK 
245 1 0 |a Produktová inovácia v kúpeľnom podniku - Kúpele Bojnice a.s.  |b diplomová práca  |c Mária Hercegová ; škol. Viera Kubičková 
264 1 |a Bratislava  |c 2009 
300 |a 83 s. 
100 1 |a Hercegová, Mária 
700 1 |a Kubičková, Viera, 1970- 
710 2 |a Obchodná fakulta EU. Katedra služieb a cestovného ruchu - zrušené